000 00611nam a2200241Ia 4500
003 OSt
005 20221006145131.0
006 a|||||r|||| 00| 0
007 ta
008 221006b |||||||| |||| 00| 0 eng d
020 _c7.00
024 _a13,879
037 _cTextual
040 _aEASL
_cEASL
_beng
041 _2eng
_aeng
082 _aV73:19xN01,1, K9
100 _aBOWLES Chester
245 0 _aView from New Delhi
260 _aBOmbay
_bAllied Pub.
_c1969
300 _a276p.
_ccm.
942 _hV73:19xN01,1, K9
_cTEXL
_2CC
999 _c1081965
_d1081965